000 00329nam a22001457a 4500
008 221109b ||||| |||| 00| 0 eng d
020 _a7748147
041 _aeng
080 _28TH EDITION
_a610.73
082 _a610.73 SOM
100 _a8
101 _aINF
245 _aFUNDAMENTALS FOR NURSING
_cSOMMER SH
942 _2udc
_cBK
999 _c58810
_d58810